000 01149nam a22002897a 4500
001 7955
003 FISKH
005 20250814155753.0
008 250814b cb ||||| |||| 00| 0 eng d
040 _aFISKH
_beng
_cFISKH
_dFISKH
050 _aQL122.2 .J3618
082 _a591.77
100 _aJames, Diane
245 _aA first look at animals :
_bUnderwater /
_cDiane James & Sara Lynn ; illustrated by Siobhan Dodds
250 _aThis edition published in 1995
260 _aNew York :
_bScholastic,
_c1992
300 _a24 unnumbered pages :
_bcolor illustrations ;
_c29 cm
505 _aE
520 _aDramatic photographs, charming illustrations and informative text give children essential first facts about the animal kingdom. Simple text explains how animals live, eat and tend to their young. A short quiz in the back of each book lets children test their new animal knowledge.
521 8 _a160
_bLexile estimate
521 8 _aE
_bRaz-Plus
650 _aSeahorse
_vUnderwater
_xSea Turtle
700 _aLynn, Sara
_eAuthor
700 _aDodds, Siobhan
_eillustrator
942 _2ddc
_cBK
_n0
999 _c7955
_d7955